| 000 | 00445cam a22001337a 4500 | ||
|---|---|---|---|
| 008 | 180718b1962 xxu||||| |||| 00| 0 eng d | ||
| 082 | _aB3x561 In7 | ||
| 100 | _aFotozoglu | ||
| 245 |
_aPersonel istatistikleri _cby Fotozoglu |
||
| 260 |
_aAnkara _bIsntitute of Public Administration for Turkey and the Middle East _c1962 |
||
| 300 | _a13 pts in 1 | ||
| 500 | _a(Part of the pamphlets bound of gather) | ||
| 650 | _aPublic - Administration - Turkey | ||
| 999 |
_c370708 _d370708 |
||